Loading...
| Science - Chemistry | 1 | 4 | 1 | 2 | 50 | 41 | 90.20 | 0 | 2 | 0.00 | 0.00 |
| Science - Biology | 1 | 4 | 2 | 1 | 45 | 63 | 85.80 | 2 | 4 | 0.00 | 0.00 |
| Mythology | 0 | 4 | 0 | 1 | 40 | 106 | 124.00 | 0 | 1 | 0.00 | 0.00 |
| Philosophy | 0 | 2 | 0 | 2 | 20 | 123 | 123.50 | 0 | 0 | 0.00 | 0.00 |
| History - World | 0 | 2 | 0 | 0 | 20 | 77 | 78.50 | 1 | 2 | 0.00 | 0.00 |
| Science - Other | 0 | 2 | 0 | 0 | 20 | 70 | 74.50 | 0 | 2 | 0.00 | 0.00 |
| History - American | 0 | 2 | 0 | 1 | 20 | 93 | 103.00 | 0 | 1 | 0.00 | 0.00 |
| Social Science | 0 | 1 | 0 | 0 | 10 | 93 | 93.00 | 0 | 1 | 0.00 | 0.00 |
| History - European | 0 | 1 | 0 | 1 | 10 | 117 | 117.00 | 1 | 1 | 0.00 | 0.00 |
| Mythology- Edited | 0 | 1 | 0 | 0 | 10 | 121 | 121.00 | 0 | 0 | 0.00 | 0.00 |
| Fine Arts - Other | 0 | 1 | 0 | 1 | 10 | 135 | 135.00 | 0 | 0 | 0.00 | 0.00 |
| Science - Physics | 0 | 1 | 1 | 1 | 5 | 122 | 122.00 | 0 | 0 | 0.00 | 0.00 |